| 000 | 01193cam a2200289 a 4500 | ||
|---|---|---|---|
| 001 | 4470427 | ||
| 003 | NUST-PNEC | ||
| 005 | 20170116180703.0 | ||
| 008 | 960328s1996 njua b 001 0 eng | ||
| 010 | _a 96016973 | ||
| 020 | _a0939773198 (alk. paper) | ||
| 040 |
_aDLC _cPNEC |
||
| 050 | 0 | 0 |
_aVM321 _b.S414 1996 |
| 082 | 0 | 0 |
_a623.8458 SCO _220 |
| 100 | 1 |
_aScott, Robert J., _d1938- |
|
| 245 | 1 | 0 |
_aFiberglass boat design and construction / _cRobert J. Scott. |
| 250 | _a2nd ed. | ||
| 260 |
_aJersey City, N.J. : _bSociety of Naval Architects and Marine Engineers, _c1996. |
||
| 300 |
_avi, 140 p. : _bill. ; _c26 cm. |
||
| 500 | _aIncludes Index http://www.amazon.com/Fiberglass-Design-Construction-Robert-Scott/dp/0939773198/ref=sr_1_1?s=books&ie=UTF8&qid=1410598801&sr=1-1&keywords=0939773198 | ||
| 504 | _aIncludes bibliographical references (p. 135-137) and index. | ||
| 650 | 0 |
_aFiberglass boats. _xMIS |
|
| 906 |
_a7 _bcbc _corignew _d1 _eocip _f19 _gy-gencatlg |
||
| 942 |
_2ddc _cBK |
||
| 999 |
_c60630 _d60630 |
||